000 01131nji a22002417a 4500
005 20100907163151.0
006 a|||||r|||||00| 0
007 sd ammalaaahaa
008 100830t xxu||||| |||| 00| 0 eng d
028 _aECLP.2278
_bHis Master's Voice
035 _aGR-01080
040 _aSED
_cSED
100 _917455
_aRoy, Juthika
245 _aBhajans of Juthika Roy /
_cby Juthika Roy
_h[sound recording] :
246 _aभजनस ऑफ़ जुथिका रॉय / जुथिका रॉय द्वारा
260 _aDum Dum, India
_bHis Master's Voice
300 _a1 sound disc [Gramophone Recording]:
_banalog, 33 1/3 rpm
_c12.5 in. (MP)
_fGramophone Record
500 _aBrief Record
505 _aSide-1 घूँघट का पट खोल रे (Ghunghat ka pat khol re) (Kabir bhajan) (Juthika Roy) Side-2 राना जी मैं तो गिरधर के (Rana ji main to Girdhar ke) (Meera bhajan) (Juthika Roy)
650 _aClassical Music
_zIndia
_91186
_xExcerpts
942 _2ddc
_cGR
999 _c44345
_d44345